Tradičná moderna na Slovensku - klasicizujúce podnety v rokoch 1919-1939 a dielo architektov Franza Wimmera a Endre Szönyiho = Tradition and modernism in Slovakia - classicistic inspiration from the years 1919-1939 and the work of architects Franz Wimmer and Endre Szönyi : zkrácená verze habilitační práce /

Hlavní autor: Borecká, Eva
Korporativní autor: Vysoké učení technické v Brně. Fakulta architektury
Jazyk: Slovenština
Vydáno: Brno : Vysoké učení technické v Brně, nakladatelství VUTIUM, 2021
Edice: Vědecké spisy Vysokého učení technického v Brně. Habilitační a inaugurační spisy, sv. 686
Témata:
Fyzický popis: 40 stran : ilustrace, portréty, plány ; 24 cm
Language note: Anglické resumé
Knihy
Uloženo v:
LEADER 03347nam a2200721 i 4500
001 nkc20213345614
003 CZ PrNK
005 20210914083203.0
007 ta
008 210803s2021 xr ace f m 000 0dslo
015 |a cnb003345614 
020 |a 978-80-214-5948-9  |q (brožováno) 
035 |a (OCoLC)1274108819 
040 |a OLA001  |b cze  |d ABA001  |e rda 
041 0 |a slo  |b eng 
043 |a e-xo--- 
045 |a x1x3 
072 7 |a 72  |x Architektura  |2 Konspekt  |9 21 
080 |a 72.071.1  |2 MRF 
080 |a 72(437.6)  |2 MRF 
080 |a 72.036/.038  |2 MRF 
080 |a 72.012.1  |2 MRF 
080 |a (437.6)  |2 MRF 
080 |a (043.5)  |2 MRF 
080 |a (048.3)  |2 MRF 
100 1 |a Borecká, Eva  |7 ola20211123578  |4 aut 
245 1 0 |a Tradičná moderna na Slovensku - klasicizujúce podnety v rokoch 1919-1939 a dielo architektov Franza Wimmera a Endre Szönyiho =  |b Tradition and modernism in Slovakia - classicistic inspiration from the years 1919-1939 and the work of architects Franz Wimmer and Endre Szönyi : zkrácená verze habilitační práce /  |c Eva Borecká 
246 3 1 |a Tradition and modernism in Slovakia - classicistic inspiration from the years 1919-1939 and the work of architects Franz Wimmer and Endre Szönyi 
264 1 |a Brno :  |b Vysoké učení technické v Brně, nakladatelství VUTIUM,  |c 2021 
300 |a 40 stran :  |b ilustrace, portréty, plány ;  |c 24 cm 
336 |a text  |b txt  |2 rdacontent 
337 |a bez média  |b n  |2 rdamedia 
338 |a svazek  |b nc  |2 rdacarrier 
490 1 |a Vědecké spisy Vysokého učení technického v Brně. Habilitační a inaugurační spisy,  |x 1213-418X ;  |v sv. 686 
500 |a Zkrácená verze habilitační práce--Vysoké učení technické v Brně, Fakulta architektury, 2021 
504 |a Obsahuje bibliografii 
546 |a Anglické resumé 
600 1 7 |a Wimmer, Franz,  |d 1885-1953  |7 mzk20191021906  |2 czenas 
600 1 7 |a Szőnyi, Andrej,  |d 1885-1968  |7 mzk20211124983  |2 czenas 
648 7 |a 19.-20. století  |7 ch757015  |2 czenas 
648 4 |a 1919-1939 
648 7 |a 20. století  |7 ch460558  |2 czenas 
650 0 7 |a architekti  |7 ph118582  |z Slovensko  |y 19.-20. století  |2 czenas 
650 0 7 |a slovenská architektura  |7 ph125657  |y 20. století  |2 czenas 
650 0 7 |a moderní architektura  |7 ph115339  |z Slovensko  |2 czenas 
650 0 7 |a architektonické projekty  |7 ph137760  |z Slovensko  |y 20. století  |2 czenas 
650 0 9 |a architects  |z Slovakia  |y 19th-20th centuries  |2 eczenas 
650 0 9 |a Slovak architecture  |y 20th century  |2 eczenas 
650 0 9 |a modern architecture  |z Slovakia  |2 eczenas 
650 0 9 |a architectural projects  |z Slovakia  |y 20th century  |2 eczenas 
655 7 |a habilitační práce  |7 fd185153  |2 czenas 
655 7 |a teze  |7 fd133701  |2 czenas 
655 9 |a habilitation theses  |2 eczenas 
655 9 |a abstracts  |2 eczenas 
710 2 |a Vysoké učení technické v Brně.  |b Fakulta architektury  |7 kn20010709415  |4 isb 
810 2 |a Vysoké učení technické v Brně.  |t Vědecké spisy.  |p Habilitační a inaugurační spisy  |0 s 
910 2 |a BOA001  |b 2-1471.536 
928 9 |a VUTIUM 
990 |a BK 
995 |a 01 
991 |b 202109  |c NOV 
996 6 |b 2610875062  |c 2-1471.536  |l MZK  |r Sklad / do 1 hodiny  |n 0  |p p.v.  |w 001860165  |u 000010  |a 1  |e BOA001  |j MZK50  |s P 
996 7 |b 2610875063  |c 2-1471.536  |l MZK  |r Sklad / do 1 hodiny  |n 1  |p p.v.  |w 001860165  |u 000020  |a 1  |e BOA001  |j MZK50  |s A